Vista normal
Vista MARC
Entrada Personal Name
Número de registros utilizados en: 1
001 - CONTROL NUMBER
- control field: 14450
003 - CONTROL NUMBER IDENTIFIER
- control field: DLC
005 - DATE AND TIME OF LATEST TRANSACTION
- control field: 20230704112819.0
008 - FIXED-LENGTH DATA ELEMENTS
- fixed length control field: 870519n| acannaab| |a aaa |||
010 ## - LIBRARY OF CONGRESS CONTROL NUMBER
- LC control number: n 85265030
040 ## - CATALOGING SOURCE
- Original cataloging agency: DLC
- Transcribing agency: DLC
- Modifying agency: DLC
- Modifying agency: Mx-PuUPA
- Language of cataloging: spa
- Description conventions: rda
100 10 - HEADING--PERSONAL NAME
- Personal name: Frazier, W. C.,
- Fuller form of name: (William Carroll),
375 ## - GENDER
- Gender: hombre
377 ## - ASSOCIATED LANGUAGE
- Language code: eng
400 10 - SEE FROM TRACING--PERSONAL NAME
- Control subfield: nna
- Personal name: Frazier, William Carroll
670 ## - SOURCE DATA FOUND
- Source citation: His Food microbiology, c1988:
- Information found: CIP t.p. (William C. Frazier, Prof. Emer. of Bacter., Univ. of Wisc.)
670 ## - SOURCE DATA FOUND
- Source citation: LC data base, 5-15-87
- Information found: (hdg.: Frazier, William Carroll; usage: W.C. Frazier)
670 ## - SOURCE DATA FOUND
- Source citation: NLM files, 4-29-88
- Information found: (hdg.: Frazier, W. C. (William Carroll); usage (W. C. Frazier, William C. Frazier)
670 ## - SOURCE DATA FOUND
- Source citation: Microbiología de los alimentos, 1978 :
- Information found: Cubierta (W.C. Frazier).